000 00417nam a2200169Ia 4500
008 230524s9999 xx 000 0 und d
020 _a9788120417328
082 _a631.5233
_bCHA
100 _aH.S. Chawla
245 0 _aIntroduction to Plant Biotechnology
250 _a3
260 _aNew Delhi
_bCBS
_c2019
300 _a"xxix,698p;"
500 _aQuantity Number: 2
650 _aBiotechnology
942 _cBK
999 _c60668
_d60668